Managing risk in construction projects (Record no. 105068)

MARC details
000 -LEADER
fixed length control field 01263cam a2200277 4500
001 - CONTROL NUMBER
control field ##L132243
008 - FIXED-LENGTH DATA ELEMENTS--GENERAL INFORMATION
fixed length control field 060120n2006 000 0 eng u
020 ## - INTERNATIONAL STANDARD BOOK NUMBER
International Standard Book Number 1405130121 (print)
-- 9781405130127 (online)
035 ## - SYSTEM CONTROL NUMBER
System control number (Sirsi) u132243
041 0# - LANGUAGE CODE
Language code of text/sound track or separate title eng
050 00 - LIBRARY OF CONGRESS CALL NUMBER
Classification number 690.068 $2 2
100 1# - MAIN ENTRY--PERSONAL NAME
Personal name Smith, Nigel
245 00 - TITLE STATEMENT
Title Managing risk in construction projects
250 ## - EDITION STATEMENT
Edition statement 2nd ed.
260 ## - PUBLICATION, DISTRIBUTION, ETC.
Place of publication, distribution, etc. Oxford
Name of publisher, distributor, etc. Blackwell Publishing
Date of publication, distribution, etc. 2006
300 ## - PHYSICAL DESCRIPTION
Extent xii, 239p.
Dimensions 24cm.
350 ## - PRICE (NR) (BK AM CF MU VM SE) [OBSOLETE]
Price 37.50
520 ## - SUMMARY, ETC.
Summary, etc. Examines how risk management methods can empower the decision-making of the project manager by analysing the various concepts involved regarding corporate, strategic business and project level risk. The author describes how tools and techniques can be applied in analysing risk, within the context of a construction project. This guidance book also includes the input of the Turnbull report on making risk management part of companies' management processes.
590 ## - LOCAL NOTE (RLIN)
Local note IKA310106
650 24 - SUBJECT ADDED ENTRY--TOPICAL TERM
Topical term or geographic name entry element INTERNAL CONTROL: GUIDANCE FOR DIRECTORS ON THE COMBINED CODE
690 ## - LOCAL SUBJECT ADDED ENTRY--TOPICAL TERM (OCLC, RLIN)
Topical term or geographic name as entry element MANAGEMENT-HEALTH AND SAFETY-HEALTH AND SAFETY RISK MANAGEMENT-PROJECT RISK MANAGEMENT
700 1# - ADDED ENTRY--PERSONAL NAME
Personal name Merna, Tony
700 1# - ADDED ENTRY--PERSONAL NAME
Personal name Jobling, Paul
942 ## - ADDED ENTRY ELEMENTS (KOHA)
Suppress in OPAC 0
Holdings
Withdrawn status Lost status Source of classification or shelving scheme Damaged status Not for loan Home library Current library Shelving location Date acquired Cost, normal purchase price Total Checkouts Full call number Barcode Date last seen Date last checked out Copy number Cost, replacement price Price effective from Koha item type
    Dewey Decimal Classification     London London Books 01/02/2006 37.50 24 690.068 SMI 30072414 06/08/2019 28/09/2009 1 37.50 06/08/2019 Book